Hledání dokonalosti zkušenosti z činnosti nejlépe prosperujících amerických společností

Saved in:
Bibliographic Details
Main Author: Peters, Thomas J.
Other Authors: Waterman, Robert H., Jr, Pokorná, Růžena
Format: Book
Language:Czech
Published: Praha PRAGMA 2001
Subjects:
Tags: Add Tag
No Tags, Be the first to tag this record!

MARC

LEADER 00000nam$a2200000$$$4500
001 0009522
005 20230220122402.6
020 |a 80-7205-817-7 
041 0 |a cze 
044 |a CZ 
245 1 0 |a Hledání dokonalosti  |b zkušenosti z činnosti nejlépe prosperujících amerických společností  |c Tom Peters, Robert H. Waterman jun. ; přeložila Růžena Pokorná 
264 1 |a Praha  |b PRAGMA  |c 2001 
300 |a 336 s. 
610 2 0 |a riadenie podnikové 
610 2 0 |a USA 
610 2 0 |a manažment 
610 2 0 |a podnikanie 
610 2 0 |a zamestnanci 
610 2 0 |a zamestnávatelia 
610 2 0 |a komunikácia manažérska 
610 2 0 |a motivácia 
610 2 0 |a firmy 
610 2 0 |a stratégia podniková 
100 1 |a Peters, Thomas J. 
700 1 |a Waterman, Robert H., Jr. 
700 1 |a Pokorná, Růžena